000
00341nam a2200133Ia 4500
008
170516s9999 xx 000 0 und d
245
_a
MicroRNA-206: a Promising Theranostic Marker
260
_b
Theranostics
260
_c
2014
300
_a
4:2
650
_x
Medical Technology
650
_x
Medtech
856
_u
http://www.thno.org/v4i2
999
_c
330478
_d
330478